000 01012cab a2200241 4500
001 ABS47047
008 090401t1992 xxu||||| |||| 00| 0 eng d
035 _a(Sirsi) u60570
041 _aeng
245 _aM4 corridor
260 _c1992
350 _a0
490 _aEstates Times
_v(1160) 25 September 1992, 15-54(33)
520 _aA survey of market conditions along the M4 motorway from Hammersmith to Swansea, including Uxbridge, Windsor, Slough, Maidenhead, Reading, Swindon, Chippenham, Bristol, Newport, Llanelli and Cardiff. The Ark, Centre West, Heathrow`s expansion, Apex Plaza and the Avon Barrage are among the projects highlighted.
650 _aINDUSTRIAL MARKET
650 _aM4 CORRIDOR
650 _aPROPERTY-COMMERCIAL PROPERTY-OFFICE PROPERTY-OFFICE PROPERTY MARKET
650 _aORACLE
650 _aPROPERTY-COMMERCIAL PROPERTY-RETAIL PROPERTY-RETAIL PROPERTY MARKET
690 _aPROPERTY-COMMERCIAL PROPERTY-COMMERCIAL PROPERTY MARKET
942 _n0
948 _c04/03/1997
999 _c37386
_d37386